01127cas a2200205 a 450000500170000000800410001702200140005804001670007204100130023904400070025224500560025924600350031526000760035030000290042665000430045571000340049878001200053278501440065278501250079620180613132951.0830922d19011997gw uu p 0 b0ger c a0373-8493 aHULcHULdDLCdNSTdAIPdDLCdAIPdNSTdAGLdHULdOCLCQdDLCdOCLCQdIULdAMAZNdOCLCQdOCLCFdOCLCOdQPRdPITdFUGdNYSdEUWdOCLCQdOCLCOdCAIdOCLCOdCO-BoIAVH1 hgeraeng agx00aMitteilungen aus dem Zoologischen Museum in Berlin.13aMitt. Zool. Mus. Berlinf-1997 aBerlin (Alemania) : bIn Kommission bei R. Friedländer,c1901-©1997. bilustraciones ; c27 cm.26aZoologíavPublicaciones periódicas2 aZoologisches Museum in Berlin00tMitteilungen aus der zoologischen Sammlung des Museums für Naturkunde in Berlinw(DLC)sf 84008029w(OCoLC)993813917tMitteilungen aus dem Zoologischen Museum in Berlin. Supplementheft, Annalen für Ornithologiex0232-5519w(DLC)sc 82003324w(OCoLC)393011517tMitteilungen aus dem Museum für Naturkunde in Berlin. Zoologische Reihex1435-1935w(DLC) 2003207010w(OCoLC)39285440